<?xml version="1.0" encoding="UTF-8"?>
<record
    xmlns:xsi="http://www.w3.org/2001/XMLSchema-instance"
    xsi:schemaLocation="http://www.loc.gov/MARC21/slim http://www.loc.gov/standards/marcxml/schema/MARC21slim.xsd"
    xmlns="http://www.loc.gov/MARC21/slim">

  <leader>02093cam0a2200457   4500</leader>
  <controlfield tag="001">13995</controlfield>
  <controlfield tag="003">http://www.sudoc.fr/267545649</controlfield>
  <controlfield tag="005">20260113154406.0</controlfield>
  <datafield tag="010" ind1=" " ind2=" ">
    <subfield code="a">9782957958122</subfield>
    <subfield code="d">5 EUR</subfield>
  </datafield>
  <datafield tag="033" ind1=" " ind2=" ">
    <subfield code="a">http://catalogue.bnf.fr/ark:/12148/cb47177373s</subfield>
  </datafield>
  <datafield tag="035" ind1=" " ind2=" ">
    <subfield code="a">(OCoLC)1389839130</subfield>
  </datafield>
  <datafield tag="035" ind1=" " ind2=" ">
    <subfield code="a">FRBNF47177373000000X</subfield>
    <subfield code="z">FRBNF47177373</subfield>
  </datafield>
  <datafield tag="073" ind1=" " ind2="0">
    <subfield code="a">9782957958122</subfield>
  </datafield>
  <datafield tag="090" ind1=" " ind2=" ">
    <subfield code="a">13995</subfield>
  </datafield>
  <datafield tag="099" ind1=" " ind2=" ">
    <subfield code="o">0</subfield>
  </datafield>
  <datafield tag="100" ind1=" " ind2=" ">
    <subfield code="a">20230208d2022    m  y0frey50      ba</subfield>
  </datafield>
  <datafield tag="101" ind1="0" ind2=" ">
    <subfield code="a">fre</subfield>
  </datafield>
  <datafield tag="102" ind1=" " ind2=" ">
    <subfield code="a">FR</subfield>
  </datafield>
  <datafield tag="105" ind1=" " ind2=" ">
    <subfield code="a">y   ||||000by</subfield>
  </datafield>
  <datafield tag="181" ind1=" " ind2=" ">
    <subfield code="6">z01</subfield>
    <subfield code="c">txt</subfield>
    <subfield code="2">rdacontent</subfield>
  </datafield>
  <datafield tag="181" ind1=" " ind2="1">
    <subfield code="6">z01</subfield>
    <subfield code="a">i#</subfield>
    <subfield code="b">xxxe##</subfield>
  </datafield>
  <datafield tag="182" ind1=" " ind2=" ">
    <subfield code="6">z01</subfield>
    <subfield code="c">n</subfield>
    <subfield code="2">rdamedia</subfield>
  </datafield>
  <datafield tag="182" ind1=" " ind2="1">
    <subfield code="6">z01</subfield>
    <subfield code="a">n</subfield>
  </datafield>
  <datafield tag="183" ind1=" " ind2="1">
    <subfield code="6">z01</subfield>
    <subfield code="a">nga</subfield>
    <subfield code="2">RDAfrCarrier</subfield>
  </datafield>
  <datafield tag="200" ind1="1" ind2=" ">
    <subfield code="a">&#x98;Les &#x9C;eaux profondes</subfield>
    <subfield code="e">une commande de La Maison Th&#xE9;&#xE2;tre dans le cadre du projet "Dans la cour de notre mythologie"</subfield>
    <subfield code="b">LIVR</subfield>
  </datafield>
  <datafield tag="214" ind1=" " ind2="0">
    <subfield code="c">La Maison Th&#xE9;&#xE2;tre</subfield>
    <subfield code="d">DL 2022</subfield>
  </datafield>
  <datafield tag="214" ind1=" " ind2="0">
    <subfield code="a">Strasbourg</subfield>
  </datafield>
  <datafield tag="215" ind1=" " ind2=" ">
    <subfield code="a">1 vol. (49 p.)</subfield>
  </datafield>
  <datafield tag="215" ind1=" " ind2=" ">
    <subfield code="d">21 cm</subfield>
  </datafield>
  <datafield tag="225" ind1="1" ind2=" ">
    <subfield code="a">&#x98;Les &#x9C;cahiers th&#xE9;&#xE2;tre</subfield>
    <subfield code="v">3</subfield>
  </datafield>
  <datafield tag="321" ind1=" " ind2=" ">
    <subfield code="a">La Revue des livres pour enfants</subfield>
    <subfield code="c">329</subfield>
    <subfield code="x">0398-8384</subfield>
  </datafield>
  <datafield tag="323" ind1=" " ind2=" ">
    <subfield code="a">10 personnages</subfield>
  </datafield>
  <datafield tag="330" ind1=" " ind2=" ">
    <subfield code="a">Un jour de pluie, une fille s&#x2019;appr&#xEA;te &#xE0; na&#xEE;tre dans une famille de trois gar&#xE7;ons : Alex, Bart et C&#xE9;sar &#x2014; les ABC. Le pr&#xE9;nom que veut lui donner son p&#xE8;re doit prolonger la liste alphab&#xE9;tique, mais la m&#xE8;re choisit d&#x2019;appeler son enfant Alma. Ligne de faille qui ne cessera de s&#x2019;&#xE9;largir au fil des ann&#xE9;es pour le p&#xE8;re, prompt &#xE0; d&#xE9;vorer son entourage. Esquisse d&#x2019;un nouvel horizon pour tous les enfants du quartier arriv&#xE9;s &#xE0; l&#x2019;adolescence.

En s&#x2019;inspirant du mythe de Cronos, C&#xE9;line BERNARD nous livre une histoire envo&#xFB;tante racont&#xE9;e par un ch&#x153;ur d&#x2019;adolescent&#xB7;e&#xB7;s pr&#xEA;t&#xB7;e&#xB7;s &#xE0; plonger dans le grand fleuve de leur vie.</subfield>
  </datafield>
  <datafield tag="333" ind1=" " ind2=" ">
    <subfield code="a">&#xC0; partir de 13 ans</subfield>
  </datafield>
  <datafield tag="410" ind1=" " ind2=" ">
    <subfield code="t">&#x98;Les &#x9C;cahiers th&#xE9;&#xE2;tre</subfield>
  </datafield>
  <datafield tag="608" ind1=" " ind2=" ">
    <subfield code="3">027824063</subfield>
    <subfield code="a">Th&#xE9;&#xE2;tre pour la jeunesse</subfield>
    <subfield code="2">rameau</subfield>
  </datafield>
  <datafield tag="610" ind1=" " ind2=" ">
    <subfield code="a">jeunesse</subfield>
    <subfield code="a">adolescence</subfield>
    <subfield code="a">mythologie</subfield>
  </datafield>
  <datafield tag="700" ind1=" " ind2="1">
    <subfield code="a">Bernard</subfield>
    <subfield code="b">C&#xE9;line</subfield>
  </datafield>
  <datafield tag="700" ind1=" " ind2="1">
    <subfield code="3">196170400</subfield>
    <subfield code="4">070</subfield>
  </datafield>
  <datafield tag="801" ind1=" " ind2="3">
    <subfield code="a">FR</subfield>
    <subfield code="b">Abes</subfield>
    <subfield code="c">20251105</subfield>
    <subfield code="g">AFNOR</subfield>
  </datafield>
  <datafield tag="801" ind1=" " ind2="0">
    <subfield code="a">FR</subfield>
    <subfield code="b">FR-751131015</subfield>
    <subfield code="c">20230130</subfield>
    <subfield code="g">AFNOR</subfield>
  </datafield>
  <datafield tag="995" ind1=" " ind2=" ">
    <subfield code="2">0</subfield>
    <subfield code="5">2026-01-13</subfield>
    <subfield code="9">13888</subfield>
    <subfield code="c">JOL</subfield>
    <subfield code="f">JOL 007696</subfield>
    <subfield code="k">TH BER 10</subfield>
    <subfield code="o">0</subfield>
    <subfield code="b">JOL</subfield>
    <subfield code="r">LIVR</subfield>
  </datafield>
</record>
